|
|
|
|
| LEADER |
01975nem a22004452a 4500 |
| 001 |
mzk03001059429 |
| 003 |
CZ BrMZK |
| 005 |
20110829130005.0 |
| 007 |
aj|ca||| |
| 008 |
080124s1750 ne ij|||||a|||r|0|||latod |
| 034 |
1 |
|
|a a
|b 290000
|d E0112000
|e E0131200
|f N0521000
|g N0514300
|
| 040 |
|
|
|a BOA001
|b cze
|
| 043 |
|
|
|a e-gx---
|
| 072 |
|
7 |
|a 912:904
|x Staré mapy
|2 Konspekt
|9 7
|
| 080 |
|
|
|a (084.3)
|2 MRF
|
| 080 |
|
|
|a (430.245)
|2 MRF
|
| 080 |
|
|
|a 912.43:069.5
|2 MRF
|
| 100 |
1 |
|
|a Covens, Johannes,
|d 1722-1794
|4 aut
|
| 245 |
1 |
0 |
|a Marchionatus Brandenburgici Pars quae Marchia Vetus Vulgo Altemarck dicitur
|h [kartografický dokument]
|
| 255 |
|
|
|a Měřítko [ca 1:290 000]. 7,6 cm = Milliaria Germanica
|c (011°20´00" v.d.--013°12´00" v.d./052°10´00" s.š.--051°43´00" s.š.)
|
| 260 |
|
|
|a Amstelodami :
|b ex officina I. Cóvens et C. Mortier,
|c [1750?]
|
| 300 |
|
|
|a 1 mapa :
|b mědirytina, ručně kolorovaná ;
|c 37,5 x 49 cm na listu 56 x 65,5 cm
|
| 500 |
|
|
|a Výzdoba: V levém dolním rohu deska s vydavatelskými údaji s prázdným znakovým štítkem, v pravém horním rohu ozdobná nápisová deska, u horního okraje měřítko, v mapovém rámci geografické souřadnice
|
| 510 |
3 |
|
|a IKAR
|
| 510 |
4 |
|
|a Kuchař, K. Mapová sbírka B.P. Molla,
|c s. 411
|
| 655 |
|
7 |
|a historické mapy
|7 fd186723
|2 czenas
|
| 650 |
0 |
4 |
|a Mollova mapová sbírka
|
| 650 |
0 |
7 |
|a mapové sbírky
|z Česko
|7 ph182407
|2 czenas
|
| 610 |
2 |
7 |
|a Moravská zemská knihovna (Brno, Česko).
|b Mapová sbírka B.P. Molla
|7 mzk2005304487
|2 czenas
|
| 651 |
|
7 |
|a Braniborsko (Německo)
|7 ge128413
|2 czenas
|
| 700 |
1 |
|
|a Mortier, Cornelis,
|d 1699-1783
|4 pbl
|
| 856 |
4 |
1 |
|u http://mapy.mzk.cz/mzk03/001/059/429/2619317343
|y Digitalizovaný dokument
|
| 903 |
|
|
|a RP
|
| 910 |
|
|
|a BOA001
|b Moll-0005.008
|
| 978 |
|
|
|b Covens, Johannes I
|a Amsterdam
|c 1750
|
| 978 |
|
|
|b Mortier, Cornelis
|a Amsterdam
|c 1750
|
| 984 |
|
|
|a Amsterdam
|b Nizozemsko
|
| 985 |
|
|
|a 1701-1750
|
| 990 |
|
|
|a MP
|
| 991 |
|
|
|k mzk
|